|
|
|
|
| LEADER |
01012nam a2200325 4500 |
| 001 |
DLU090091719 |
| 005 |
##20091201 |
| 040 |
# |
# |
|a DLU
|b eng
|
| 041 |
# |
# |
|a eng
|
| 044 |
# |
# |
|a us
|
| 245 |
# |
# |
|a Aerobic growth on nitroglycerin as the sole carbon, nitrogen, energy source by a mixed bacterial culture /
|c John V. Accashian ... [et al.].
|
| 653 |
# |
# |
|a Aerobiosis
|
| 653 |
# |
# |
|a Bioremediation
|
| 653 |
# |
# |
|a Explosives
|
| 653 |
# |
# |
|a Mixed microorganism culture
|
| 653 |
# |
# |
|a Nitroglycerin
|
| 700 |
# |
# |
|a Accashian, John V.
|
| 700 |
# |
# |
|a Kim, Byung-Joon.
|
| 700 |
# |
# |
|a Smets, Barth F.
|
| 700 |
# |
# |
|a Vinopal, Robert T.
|
| 773 |
# |
# |
|t Applied and Environmental Microbiology
|g Vol. 64, no. 9 (September 1998), p. 3300-3304
|
| 920 |
# |
# |
|a Phòng Tạp chí -- Trung tâm Thông tin - Thư viện Trường Đại học Đà Lạt
|
| 994 |
# |
# |
|a DLU
|
| 900 |
# |
# |
|a True
|
| 911 |
# |
# |
|a Trương Bảo Trâm Anh
|
| 925 |
# |
# |
|a G
|
| 926 |
# |
# |
|a A
|
| 927 |
# |
# |
|a BB
|
| 980 |
# |
# |
|a Thư viện Trường Đại học Đà Lạt
|